| 000 | 01085nam a22002655i 4500 | ||
|---|---|---|---|
| 001 | 158248 | ||
| 003 | ES-MaACL | ||
| 005 | 20250812063127.0 | ||
| 008 | 940202m18501857sp | |||| 0|spa d | ||
| 040 |
_aAS _bspa |
||
| 080 | _a342.53(460)"1810/12"(093.2) | ||
| 100 | 1 |
_aLuque y Vicens, Antonio _eaut _9222926 |
|
| 245 | 1 | 4 |
_aLas Cortes españolas / _cpor A. Luque y Vicens |
| 260 |
_aMadrid : _b[s.n.], _c1850-1857 _f(Est. Literario-Tipográfico de D. Saavedra y Compañía) |
||
| 300 |
_a 1 volumen (320 ; 320 ; 354 ; 330 páginas) ; _c21 cm |
||
| 530 | _aDisponible en formato digital | ||
| 596 | 1 | _aA partir del tomo II, pie de imp.: Cuenca: [s.n.], 1857 (Imp. de Francisco Gómez) | |
| 597 | _a4 tomos en 1 volumen | ||
| 610 | 1 | 4 |
_aEspaña. _bCortes de Cádiz- _vActas parlamentarias _9241720 |
| 852 | 4 |
_aES-MaACL _cSVI _jD-4149 _xHolandesa |
|
| 856 | 4 |
_uhttps://catalog.hathitrust.org/api/volumes/oclc/42758641.html _yVersión en línea _z(HathiTrust Digital Library) |
|
| 942 |
_2udc _cMONANT _n0 |
||
| 999 |
_c158248 _d158248 |
||